Animaux par image de squelette - Statistiques

Statistiques générales
  • Ce quiz a été pris 14 467 fois
  • Le résultat moyen est 11 sur 16
Statistiques - réponses
Par images Réponse % Correct
Éléphant
98%
Autruche
96%
Girafe
94%
Serpent à sonnette
94%
Singe écureuil
93%
Chauve-souris pâle
91%
Bovin
86%
Hippopotame
73%
Dauphin
70%
Dromadaire
69%
Castor
60%
Raie Manta
57%
Manchot de Magellan
51%
Guépard
43%
Otarie de Californie
42%
Casoar
25%
Aucun quiz correspondant
Distribution des résultats
% des personnes avec chaque résultat
Percentile par nombre de réponses
Votre historique - résultats
Vous n’avez pas pris ce quiz